| 000 | 00882nam0a22002531 4500 | ||
|---|---|---|---|
| 001 | rc\552915 | ||
| 005 | 20250621130639.0 | ||
| 035 | _a(NLR Aleph) 005788573 | ||
| 090 |
_a5172480 _c5172480 |
||
| 100 | _a20030616d1987 |||y0rusy50 ca | ||
| 101 | 0 | _arus | |
| 102 | _aRU | ||
| 105 | _aa ||||||||| | ||
| 200 | 1 |
_aГЕНЕРАЦИЯ микросекундного РЭП в плоском диоде на установке У-2 _fА.П. Авроров, А.В. Аржанников, М.П. Лямзин и др. |
|
| 210 |
_aНовосибирск _cИЯФ _d1987 |
||
| 215 |
_a11 с. _cил. _d21 |
||
| 225 | 1 |
_aПрепринт _fИн-т ядер. физики СО АН СССР _v87-153 |
|
| 320 | _aБиблиогр.: с. 11 | ||
| 701 | 1 |
_aАвроров _bА.П. |
|
| 801 | 0 |
_aRU _bNLR _gpsbo |
|
| 801 | 1 |
_aRU _bELAR _2rusmarc |
|
| 852 |
_aNLR _j88-4/17019 |
||
| 942 | _cBOOK | ||
| 980 | _aNB | ||